000 01188nam a2200253 a 4500
001 BRCA_7769
005 20190320210002.0
008 300913m19531954bl-ac#####---#000-0#por-#
041 _apor
044 _abl
050 4 _aF2631
_b.S26 1953
245 1 0 _aSao Paulo em quatro seculos
_btemas sobre algunos aspectos da historia e da geografia de Sao Paulo e assuntos correlatos, obra comemorativa organizada pelo Instituto Histórico e Geografico de Sao Paulo e editada sob os auspicios da Comissao do IV Centenario da Cidade de Sao Paulo.
_cCompiladores Afonso de Escragnolle Taunay ... [et al.].
260 _aSao Paulo, Brasil
_bInstituto Histórico e Geográfico de Sao Paulo
_c1954
300 _a387 p.
_bil., fot.
_c23 cm.
_eUn sobre con pósters ilustados a color del evento
500 _aLa biblioteca cuenta con el ejemplar numerado v.2
500 _aX7
651 4 _aSao Paulo, Brasil (Ciudad)
_vCentenario
_919232
651 4 _aSao Paulo, Brasil
_vHistoria
_919233
700 1 _aLeite Cordeiro, José Pedro
_ecomp.
_919234
700 1 _aFerreira, Tito Livio
_ecomp.
_919235
710 2 _aInstituto Histórico e Geográfico de Sao Paulo
_919236
902 _aGFM
942 _2lcc
_cB
999 _c7443
_d7443